000 00813nam a2200265Ia 4500
003 OSt
005 20220930072739.0
006 a|||||r|||| 00| 0
007 ta
008 220926b |||||||| |||| 00| 0 eng d
024 _a24855
037 _cTheses
040 _aCRL
_cCRL
_beng
041 _2eng
_aeng
100 _aBhargava Kartikeya
_9530351
110 _aUniversity of Delhi. Faculty of Medical Sciences. Department of Medicine
245 0 _aSerum troponin-T in acute coronary syndromes
260 _c1998
300 _a112p.
_ap.
_ccm.
650 _aMEDICINE
700 _a Dr Manorama Gaiha Supervisor
700 _aUniversity of Delhi. Faculty of Medical Sciences. Department of Medicine
942 _cDIS
_2CC
999 _c864257
_d864257